Gemerské zvesti orgán ONV a OV KSS v Rimavskej Sobote
| Médium: | Časopis |
|---|---|
| Jazyk: | slovenčina |
| Fyzický popis: | zv. 30-42 cm |
| Vydavateľské údaje: |
Rimavská Sobota
ONV
1968-
Rimavská Sobota Mesto Rimavská Sobota Rimavská Sobota GEMKO-JUDr. Ján Čilík Rimavská Sobota Mestský úrad |
| ISSN: | 0323-0589 |
| Predmet: | |
| On-line prístup: | http://www.rimavskasobota.sk/?id_kat_for_menu=8974 |
MARC
| LEADER | 00000cas a2200000 a 4500 | ||
|---|---|---|---|
| 001 | vtls001469081 | ||
| 005 | 20260430214206.0 | ||
| 008 | 160609c19689999xo sr p 0 0 0slo | ||
| 022 | |a 0323-0589 | ||
| 035 | |a SNK000424386 | ||
| 040 | |a SNK |b slo |c SNK |e AACR2 | ||
| 041 | 0 | |a slo | |
| 043 | |a e-xo--- | ||
| 044 | |a xo |c SK | ||
| 072 | 7 | |a 352/354 |x Stupne miestnej, oblastnej a ústrednej správy |2 konspekt | |
| 072 | 7 | |a 394 |x Verejný a spoločenský život. Každodenný život |2 konspekt | |
| 072 | 7 | |a 316 |x Sociológia |2 konspekt | |
| 080 | |a 353.9 |2 2011 | ||
| 080 | |a 050 |2 2011 | ||
| 080 | |a 316.728 |2 2011 | ||
| 080 | |a (437.6) |2 2011 | ||
| 080 | |a (051)+(054)(437.6) |2 2011 | ||
| 210 | 0 | |a Gemer. zvesti | |
| 222 | 0 | |a Gemerské zvesti | |
| 245 | 0 | 0 | |a Gemerské zvesti |b orgán ONV a OV KSS v Rimavskej Sobote |
| 246 | 1 | 1 | |a Gömöri Hírlap |
| 246 | 3 | 1 | |a Gemerské zvesti - Gömöri Hírlap |f 2016- |
| 246 | 1 | 1 | |a Gemerské zvesti |
| 260 | |a Rimavská Sobota |b ONV |c 1968- | ||
| 260 | 2 | |3 [1991-199-?] |a Rimavská Sobota |b Mesto Rimavská Sobota | |
| 260 | 2 | |3 [199-?-200-?] |a Rimavská Sobota |b GEMKO-JUDr. Ján Čilík | |
| 260 | 3 | |3 [200-?]- |a Rimavská Sobota |b Mestský úrad | |
| 300 | |a zv. |c 30-42 cm | ||
| 310 | |a 2x mesačne |b [2016]- | ||
| 321 | |a 1x týždenne |b 1968-2012 | ||
| 321 | |a 1x mesačne |b okt./2015 | ||
| 362 | 0 | |a Roč. I = (VIII), č. 1 (1968)- | |
| 500 | |a Podnázov: 1/2015- , Rimavskosobotské informačné periodikum | ||
| 500 | |a Evidenčné číslo: EV 5138/15 | ||
| 500 | |a Od č. 1, (okt. 2015) vychádzajú Gemerské zvesti spolu s titulom Gömöri Hírlap ako zvratmo tlačený text | ||
| 500 | |a Podnázov v r. 2016-6/2021 - dvojtýždenník mesta Rimavská Sobota | ||
| 500 | |a Do r. 2012 vychádzali dva časopisy. Jeden v slovenskom jazyku (Gemerské zvesti) a druhý v maďarskom jazyku (Gömöri hírlap) | ||
| 500 | |a Podnázov: 7/2021- , Rimavskosobotské informačné periodikum | ||
| 515 | |a Vydávanie prerušené dec./2012-sept./2015 | ||
| 650 | 0 | 7 | |a územná samospráva |2 SNKPH |9 802 |
| 650 | 0 | 7 | |a spoločenský život |2 SNKPH |9 28654 |
| 651 | 7 | |a Rimavská Sobota (Slovensko) |2 SNKPHgeo |9 28655 | |
| 655 | 7 | |a regionálne periodiká |2 SNKPH |9 131775 | |
| 775 | 0 | |t Gömöri hírlap |w vtls008882744 | |
| 856 | |u http://www.rimavskasobota.sk/?id_kat_for_menu=8974 | ||
| 916 | |a 1968-1995,1998-1999,2004-2005,2011-2012,2015, 2016 | ||
| 999 | |c 3594 |d 5524 | ||
| 952 | |t č. 1-22 |a SNK |b SNK |y PREZ |7 0 |p 17A1432630 |o snkČSA 795/48/2017 |i snk2020/21343 |8 0 |0 0 |1 0 |4 0 |d 2020-11-30 |l 0 |r 2026-02-21 19:24:08 |w 2026-02-21 | ||
| 952 | |t č. 1-22 |a SNK |b SNK |y PREZ |7 0 |p 17A1432629 |o snkČSA 795/49/2018 |i snk2020/21346 |8 0 |0 0 |1 0 |4 0 |d 2020-11-30 |l 0 |r 2026-02-21 19:24:08 |w 2026-02-21 | ||
| 952 | |t č. 1-22 |a SNK |b SNK |y PREZ |7 0 |p 17A1432628 |o snkČSA 795/50/2019 |i snk2020/21347 |8 0 |0 0 |1 0 |4 0 |d 2020-11-30 |l 0 |r 2026-02-21 19:24:08 |w 2026-02-21 | ||
| 952 | |t č. 1-17 |a SNK |b SNK |y PREZ |7 0 |p 17A1460410 |o snkČSA 795/51/2020/1 |i snk2021/11863 |8 0 |z 1. časť = titul Gemerské zvesti |0 0 |1 0 |4 0 |d 2021-09-07 |l 0 |r 2026-02-21 19:29:31 |w 2026-02-21 | ||
| 952 | |t č. 1-17 |a SNK |b SNK |y NEVYP |7 0 |p 17A1460418 |o snkČSA 795/51/2020/2 |i snk2021/11864 |8 0 |z 2. časť = titul Gömöri hírlap |0 0 |1 0 |4 0 |d 2021-09-07 |l 0 |r 2026-02-21 19:29:31 |w 2026-02-21 | ||
| 952 | |t č. 1-25 |a SNK |b SNK |y PREZ |7 0 |p 17A0490348 |o snkČSA 795/1(8)/1968 |i snkČSP 874/69 |8 0 |z č. 2-8 rozmnoženina |f 1 |3 rekatalogizácia |0 0 |1 0 |4 0 |d 2005-11-04 |l 0 |r 2026-02-21 19:30:01 |w 2026-02-21 | ||
| 952 | |t č. 1-15 |a SNK |b SNK |y PREZ |7 0 |p 17A1555975 |o snkČSA 795/52/2021 |i snk2025/5218 |8 0 |0 0 |1 0 |4 0 |d 2025-03-24 |l 0 |r 2026-02-21 19:41:50 |w 2026-02-21 | ||
| 952 | |t č. 1-12 |a SNK |b SNK |y PREZ |7 0 |p 17A1555976 |o snkČSA 795/53/2022 |i snk2025/5219 |8 0 |0 0 |1 0 |4 0 |d 2025-03-24 |l 0 |r 2026-02-21 19:41:50 |w 2026-02-21 | ||
| 952 | |t č. 1-15 |a SNK |b SNK |y PREZ |7 0 |p 17A1555977 |o snkČSA 795/54/2023 |i snk2025/5224 |8 0 |0 0 |1 0 |4 0 |d 2025-03-24 |l 0 |r 2026-02-21 19:41:50 |w 2026-02-21 | ||
| 952 | |t č. 1-22 |a SNK |b SNK |y PREZ |7 0 |p 17A1555978 |o snkČSA 795/55/2024 |i snk2025/5225 |8 0 |0 0 |1 0 |4 0 |d 2025-03-24 |l 0 |r 2026-02-21 19:41:50 |w 2026-02-21 | ||
| 952 | |a SNK |b SNK |y PREZ |7 0 |p 17A0135014 |o snkČSA 795/31/1991 D1 |0 0 |1 0 |4 0 |d 1998-04-15 |l 0 |r 2005-01-02 00:00:00 |w 2026-02-21 | ||
| 952 | |t č. 1-52, neúplné |a SNK |b SNK |y PREZ |7 0 |p 17A1099516 |o snkČSA 795/44/2011 |i snk2016/9269 |8 0 |z chýba č. 14,15,45 (dostupné v PDF formáte) |f 1 |0 0 |1 0 |4 0 |d 2016-04-12 |l 0 |r 2026-02-21 20:18:48 |w 2026-02-21 | ||
| 952 | |t č. 1-52 |a SNK |b SNK |y PREZ |7 0 |p 17A1315173 |o snkČSA 795/17/1979 D1 |i snkČSP 541/80 |z č. 1-52 |0 0 |1 0 |4 0 |d 2019-08-09 |l 0 |r 2026-02-21 20:18:55 |w 2026-02-21 | ||
| 952 | |t č. 1-52 |a SNK |b SNK |y PREZ |7 0 |p 17A1315166 |o snkČSA 795/20[18]/1980 D1 |i snkČSP 917/81 |0 0 |1 0 |4 0 |d 2019-08-09 |l 0 |r 2026-02-21 20:18:55 |w 2026-02-21 | ||
| 952 | |t č. 1-52 |a SNK |b SNK |y PREZ |7 0 |p 17A0512952 |o snkČSA 795/33/1993 D1 |i snkČSP 3087/94 |0 0 |1 0 |4 0 |d 2008-08-20 |l 0 |r 2026-02-21 20:28:55 |w 2026-02-21 | ||
| 952 | |a SNK |b SNK |y PREZ |7 0 |p 17A0445052 |o snkČSA 795/34/1994 D1 |i snkČSP 1105/95 |0 0 |1 0 |4 0 |d 2004-10-18 |l 0 |r 2005-01-02 00:00:00 |w 2026-02-21 | ||
| 952 | |t č. 1-52, neúplné |a SNK |b SNK |y PREZ |7 0 |p 17A0548774 |o snkČSA 795/37/2004 |i snk2007/19289 |8 0 |z Chýba č. 1 |f 1 |0 0 |1 0 |4 0 |d 2007-08-22 |l 0 |r 2026-02-21 21:00:49 |w 2026-02-21 | ||
| 952 | |t č. 1-52, neúplné |a SNK |b SNK |y PREZ |7 0 |p 17A0548775 |o snkČSA 795/38/2005 |i snk2007/19290 |8 0 |z chýba č. 36 |f 1 |0 0 |1 0 |4 0 |d 2007-08-22 |l 0 |r 2026-02-21 21:00:49 |w 2026-02-21 | ||
| 952 | |t č. 1-39 |a SNK |b SNK |y PREZ |7 0 |p 17A1098155 |o snkČSA 795/35/1995 |i snkČSP 898/2003 |f 1 |0 0 |1 0 |4 0 |d 2016-02-10 |l 0 |r 2026-02-21 22:02:21 |w 2026-02-21 | ||
| 952 | |t č. 1-25 |a SNK |b SNK |y PREZ |7 0 |p 17A1188598 |o snkČSA 795/1(8)/1968 D1 |i snkČSP 875/69 |0 0 |1 0 |4 0 |d 2017-10-18 |l 0 |r 2026-02-21 22:04:42 |w 2026-02-21 | ||
| 952 | |t č. 1-52 |a SNK |b SNK |y PREZ |7 0 |p 17A0790357 |o snkČSA 795/16/1976 |z prír. č. orezané |f 1 |0 0 |1 0 |4 0 |d 2016-04-11 |l 0 |r 2026-02-21 22:09:24 |w 2026-02-21 | ||
| 952 | |t č. 1-52 |a SNK |b SNK |y PREZ |7 0 |p 17A0790520 |o snkČSA 795/17/1977 |i snkČSP 584/77 |f 1 |0 0 |1 0 |4 0 |d 2016-04-11 |l 0 |r 2026-02-21 22:09:24 |w 2026-02-21 | ||
| 952 | |t č. 1-52 |a SNK |b SNK |y PREZ |7 0 |p 17A0790551 |o snkČSA 795/18[19]/1978 |i snkČSP 587/78 |f 1 |0 0 |1 0 |4 0 |d 2016-04-11 |l 0 |r 2026-02-21 22:09:24 |w 2026-02-21 | ||
| 952 | |t č. 1-52 |a SNK |b SNK |y PREZ |7 0 |p 17A0790514 |o snkČSA 795/19[17]/1979 |i snkČSP 540/80 |f 1 |0 0 |1 0 |4 0 |d 2016-04-11 |l 0 |r 2026-02-21 22:09:24 |w 2026-02-21 | ||
| 952 | |t č. 1-52 |a SNK |b SNK |y PREZ |7 0 |p 17A0790515 |o snkČSA 795/20[18]/1980 |i snkČSP 916/81 |f 1 |0 0 |1 0 |4 0 |d 2016-04-11 |l 0 |r 2026-02-21 22:09:24 |w 2026-02-21 | ||
| 952 | |t č. 1-52 |a SNK |b SNK |y PREZ |7 0 |p 17A0790645 |o snkČSA 795/21/1981 |i snkČSP 379/82 |f 1 |0 0 |1 0 |4 0 |d 2016-04-11 |l 0 |r 2026-02-21 22:09:24 |w 2026-02-21 | ||
| 952 | |t č. 1-52 |a SNK |b SNK |y PREZ |7 0 |p 17A0790388 |o snkČSA 795/22/1982 |i snkČSP 1079/83 |f 1 |0 0 |1 0 |4 0 |d 2016-04-11 |l 0 |r 2026-02-21 22:09:24 |w 2026-02-21 | ||
| 952 | |t č. 1-53 |a SNK |b SNK |y PREZ |7 0 |p 17A0790413 |o snkČSA 795/23/1983 |i snkČSP 566/84 |f 1 |0 0 |1 0 |4 0 |d 2016-04-11 |l 0 |r 2026-02-21 22:09:24 |w 2026-02-21 | ||
| 952 | |t č. 1-53 |a SNK |b SNK |y PREZ |7 0 |p 17A0790382 |o snkČSA 795/24/1984 |i snkČSP 393/85 |f 1 |0 0 |1 0 |4 0 |d 2016-04-11 |l 0 |r 2026-02-21 22:09:24 |w 2026-02-21 | ||
| 952 | |t č. 1-52 |a SNK |b SNK |y PREZ |7 0 |p 17A0790631 |o snkČSA 795/25/1985 |i snkČSP 839/86 |f 1 |0 0 |1 0 |4 0 |d 2016-04-11 |l 0 |r 2026-02-21 22:09:24 |w 2026-02-21 | ||
| 952 | |t č. 1-52 |a SNK |b SNK |y PREZ |7 0 |p 17A0790630 |o snkČSA 795/26/1986 |i snkČSP 551/87 |f 1 |0 0 |1 0 |4 0 |d 2016-04-11 |l 0 |r 2026-02-21 22:09:24 |w 2026-02-21 | ||
| 952 | |t č. 1-51 |a SNK |b SNK |y PREZ |7 0 |p 17A0790629 |o snkČSA 795/27/1987 |i snkČSP 1255/88 |f 1 |0 0 |1 0 |4 0 |d 2016-04-11 |l 0 |r 2026-02-21 22:09:24 |w 2026-02-21 | ||
| 952 | |t č. 1-52 |a SNK |b SNK |y PREZ |7 0 |p 17A0790628 |o snkČSA 795/28/1988 |i snkČSP 487/89 |f 1 |0 0 |1 0 |4 0 |d 2016-04-11 |l 0 |r 2026-02-21 22:09:24 |w 2026-02-21 | ||
| 952 | |t č. 1-52 |a SNK |b SNK |y PREZ |7 0 |p 17A0790363 |o snkČSA 795/29/1989 |i snkČSP 2509/90 |f 1 |0 0 |1 0 |4 0 |d 2016-04-11 |l 0 |r 2026-02-21 22:09:25 |w 2026-02-21 | ||
| 952 | |t č. 1-52 |a SNK |b SNK |y PREZ |7 0 |p 17A0790450 |o snkČSA 795/30/1990 |i snkČSP 2833/91 |f 1 |0 0 |1 0 |4 0 |d 2016-04-11 |l 0 |r 2026-02-21 22:09:25 |w 2026-02-21 | ||
| 952 | |t č. 1-52, neúplné |a SNK |b SNK |y PREZ |7 0 |p 17A0790449 |o snkČSA 795/31/1991 |i snkČSP 3088/94 |z Chýba č. 3,17,23-28,31,32,34-47 |f 1 |0 0 |1 0 |4 0 |d 2016-04-11 |l 0 |r 2026-02-21 22:09:25 |w 2026-02-21 | ||
| 952 | |t č. 1-52, neúplné |a SNK |b SNK |y PREZ |7 0 |p 17A0789815 |o snkČSA 795/32/1992 |i snkČSP 3090/94 |z Chýba č. 1,2,6 |f 1 |0 0 |1 0 |4 0 |d 2016-04-11 |l 0 |r 2026-02-21 22:09:25 |w 2026-02-21 | ||
| 952 | |t č. 1-52 |a SNK |b SNK |y PREZ |7 0 |p 17A0789968 |o snkČSA 795/33/1993 |i snkČSP 3086/94 |f 1 |0 0 |1 0 |4 0 |d 2016-04-11 |l 0 |r 2026-02-21 22:09:25 |w 2026-02-21 | ||
| 952 | |t č. 1-52 |a SNK |b SNK |y PREZ |7 0 |p 17A0790477 |o snkČSA 795/34/1994 |i snkČSP 1104/95 |f 1 |0 0 |1 0 |4 0 |d 2016-04-11 |l 0 |r 2026-02-21 22:09:25 |w 2026-02-21 | ||
| 952 | |t č. 1-52, neúplné |a SNK |b SNK |y PREZ |7 0 |p 17A1099201 |o snkČSA 795/38/1998 |i snkČSP 910/2003 |z chýba č. 1,2,13,22,46,51,52 |f 1 |0 0 |1 0 |4 0 |d 2016-04-11 |l 0 |r 2026-02-21 22:09:25 |w 2026-02-21 | ||
| 952 | |t č. 1-21, neúplné |a SNK |b SNK |y PREZ |7 0 |p 17A1099515 |o snkČSA 795/39/1999 |i snkČSP 896/2003 |z chýba č. 3,18 |f 1 |0 0 |1 0 |4 0 |d 2016-04-11 |l 0 |r 2026-02-21 22:09:25 |w 2026-02-21 | ||
| 952 | |t č. 1-50 |a SNK |b SNK |y PREZ |7 0 |p 17A0790545 |o snkČSA 795/1969 |i snkČSP 293/70 |f 1 |0 0 |1 0 |4 0 |d 2016-04-08 |l 0 |r 2026-02-21 22:09:31 |w 2026-02-21 | ||
| 952 | |t č. 1-52 |a SNK |b SNK |y PREZ |7 0 |p 17A0790542 |o snkČSA 795/1970 |i snkČSP 589/71 |f 1 |0 0 |1 0 |4 0 |d 2016-04-08 |l 0 |r 2026-02-21 22:09:31 |w 2026-02-21 | ||
| 952 | |t č. 1-52 |a SNK |b SNK |y PREZ |7 0 |p 17A0790204 |o snkČSA 795/1971 |z prír. číslo orezané |f 1 |0 0 |1 0 |4 0 |d 2016-04-08 |l 0 |r 2026-02-21 22:09:31 |w 2026-02-21 | ||
| 952 | |t č. 1-52 |a SNK |b SNK |y PREZ |7 0 |p 17A0789786 |o snkČSA 795/1972 |i snkČSP 413/73 |f 1 |0 0 |1 0 |4 0 |d 2016-04-08 |l 0 |r 2026-02-21 22:09:31 |w 2026-02-21 | ||
| 952 | |t č. 1-52 |a SNK |b SNK |y PREZ |7 0 |p 17A0790543 |o snkČSA 795/1973 |i snkČSP 337/74 |f 1 |0 0 |1 0 |4 0 |d 2016-04-08 |l 0 |r 2026-02-21 22:09:31 |w 2026-02-21 | ||
| 952 | |t č. 1-52 |a SNK |b SNK |y PREZ |7 0 |p 17A0790544 |o snkČSA 795/1974 |i snkČSP 359/75 |f 1 |0 0 |1 0 |4 0 |d 2016-04-08 |l 0 |r 2026-02-21 22:09:31 |w 2026-02-21 | ||
| 952 | |t č. 1-52 |a SNK |b SNK |y PREZ |7 0 |p 17A0790112 |o snkČSA 795/1975 |z prír. č. orezané |f 1 |0 0 |1 0 |4 0 |d 2016-04-11 |l 0 |r 2026-02-21 22:09:35 |w 2026-02-21 | ||
| 952 | |t č. 1-47 |a SNK |b SNK |y PREZ |7 0 |p 17A1099517 |o snkČSA 795/45/2012 |i snk2016/9272 |8 0 |z č. 47-nekvalitná xerokópia |f 1 |0 0 |1 0 |4 0 |d 2016-04-12 |l 0 |r 2026-02-21 22:09:35 |w 2026-02-21 | ||
| 952 | |t č. 1-3 |a SNK |b SNK |y PREZ |7 0 |p 17A1099518 |o snkČSA 795/46/2015/1 |i snk2016/9282 |8 0 |z október-december ; časť 1 = titul Gemerské zvesti ; |f 1 |0 0 |1 0 |4 0 |d 2016-04-12 |l 0 |r 2026-02-21 22:09:35 |w 2026-02-21 | ||
| 952 | |t č. 1-3 |a SNK |b SNK |y PREZ |7 0 |p 17A1099548 |o snkČSA 795/46/2015/2 |i snk2016/10274 |8 0 |z Okt.-dec. ; časť 2 = titul Gömöri hírlap |f 1 |0 0 |1 0 |4 0 |d 2016-04-21 |l 0 |r 2026-02-21 22:16:27 |w 2026-02-21 | ||
| 952 | |t č. 1-24 |a SNK |b SNK |y PREZ |7 0 |p 17A1148659 |o snkČSA 795/47/2016 |i snk2017/12161 |8 0 |f 1 |0 0 |1 0 |4 0 |d 2017-05-25 |l 0 |r 2026-02-21 22:18:00 |w 2026-02-21 | ||
| 952 | |t č. 1-52 |a SNK |b SNK |y PREZ |7 0 |p 17A1315174 |o snkČSA 795/17/1977 D1 |i snkČSP 505/77 |0 0 |1 0 |4 0 |d 2019-08-08 |l 0 |r 2026-02-21 22:28:53 |w 2026-02-21 | ||
| 952 | |t č. 1-52 |a SNK |b SNK |y PREZ |7 0 |p 17A1315172 |o snkČSA 795/18[19]/1978 D1 |i snkČSP 588/78 |z č. 1-52 |0 0 |1 0 |4 0 |d 2019-08-09 |l 0 |r 2026-02-21 22:28:59 |w 2026-02-21 | ||


